Sassuolo 2020's Starting XI - Statistics

General Stats
  • This quiz has been taken 785 times
    218 since last reset
  • The average score is 12 of 32
Answer Stats
Player % Correct
Domenico Berardi
97%
Andrea Consigli
65%
Armand Lauriente
62%
Jeremie Boga
52%
Pedro Obiang
51%
Jeremy Toljan
50%
Andrea Pinamonti
47%
Gianluca Scamacca
46%
Giacomo Raspadori
45%
Mert Müldür
45%
Vlad Chiricheș
45%
Manuel Locatelli
44%
Gian Marco Ferrari
39%
Hamed Traorè
39%
Josh Doig
39%
Maxime Lopez
39%
Martin Erlic
38%
Kristian Thorstvedt
36%
Filip Đuričić
34%
Rogério
34%
Francesco Caputo
33%
Daniel Boloca
29%
Davide Frattesi
28%
Giorgos Kyriakopoulos
28%
Tarik Muharemovic
28%
Matheus Henrique
26%
Marcus Pedersen
22%
Horaţiu Moldovan
21%
Marlon
21%
Samuele Mulattieri
21%
Filippo Romagna
19%
Andrea Ghion
9%
No matching quizzes found
Score Distribution
Percent of People with Each Score
Percentile by Number Answered
Your Score History
You have not taken this quiz since the last reset